Statistics for 32 Capitals in Random Part of World Map

Click here to take the quiz!

General Stats

  • This quiz has been taken 195 times
  • The average score is 22 of 32

Answers on the Map

Answers color-coded by a green-red scale on the quiz's map according to % correct below.
Loading ...
 

Answer Stats

Capital% Correct
Accra
82%
Kinshasa
81%
Abuja
80%
Brazzaville
79%
Dakar
79%
Nairobi
78%
Freetown
78%
Monrovia
74%
Khartoum
73%
Addis Ababa
71%
Bangui
69%
Banjul
69%
Lome
69%
Djibouti
69%
Niamey
69%
Bissau
69%
Juba
67%
Ouagadougou
67%
Bamako
67%
Porto-Novo
66%
Libreville
65%
N'Djamena
65%
Kampala
63%
Yaounde
63%
Dodoma
62%
Conakry
62%
Malabo
61%
Kigali
60%
Yamoussoukro
60%
Sao Tome
59%
Asmara
58%
Bujumbura
52%

Score Distribution

Percentile by Number Answered

Percent of People with Each Score

Your Score History

You have not taken this quiz